000 00622nam a2200229 i 4500
001 C2-0019057
003 PPAK
005 20190630221949.0
008 970202s1982 enka|||| ||||| | eng d
040 _aPPAK
_beng
_cPPAK
_erda
082 0 4 _a591.9
_223
090 0 0 _a591.9
_bCOL
_dR
100 1 _aColombo, Federica,
_eauthor
245 1 0 _aAnimals of the moutains and forests
264 1 _aLondon :
_bBurke Books ,
_c1982
300 _a85 pages :
_bcolour illustrations ;
_c27 cm
336 _2rdacontent
_atext
337 _2rdamedia
_aunmediated
338 _2rdacarrier
_avolume
700 _eauthor
942 _ddc
_cB
999 _c4258
_d4258